[Event "Ekstraliga 2019"]
[Site "Katowice"]
[Date "2019.08.28"]
[Round "1.11"]
[White "Bobras, Piotr"]
[Black "Gazik, Viktor"]
[Result "0-1"]
[BlackElo "2537"]
[WhiteElo "2488"]
[WhiteTeam "KSz Miedz Legnica"]
[BlackTeam "Wasko HETMAN GKS Katowice"]
[LiveChessVersion "1.4.8"]

1. d4 Nf6 {[%clk 1:30:35]} 2. c4 {[%clk 1:31:18]} e6 {[%clk 1:29:19]} 3. Nc3
{[%clk 1:31:33]} Bb4 {[%clk 1:29:29]} 4. e3 {[%clk 1:31:51]} b6 {[%clk 1:24:49]}
5. f3 {[%clk 1:30:53]} O-O {[%clk 1:20:25]} 6. e4 {[%clk 1:27:08]} d6
{[%clk 1:10:36]} 7. a3 {[%clk 0:55:14]} Bxc3+ {[%clk 1:11:00]} 8. bxc3
{[%clk 0:55:42]} Nc6 {[%clk 1:06:41]} 9. Bg5 {[%clk 0:55:33]} e5 {[%clk 1:05:17]}
10. d5 {[%clk 0:53:41]} Na5 {[%clk 1:03:02]} 11. Bd3 {[%clk 0:52:45]} c6
{[%clk 0:51:54]} 12. Ne2 {[%clk 0:52:30]} Ba6 {[%clk 0:51:04]} 13. O-O
{[%clk 0:46:00]} h6 {[%clk 0:46:25]} 14. Bh4 {[%clk 0:41:57]} g5 {[%clk 0:36:43]}
15. Bf2 {[%clk 0:38:53]} Nxc4 {[%clk 0:30:52]} 16. Ra2 {[%clk 0:37:35]} cxd5
{[%clk 0:26:43]} 17. Ng3 {[%clk 0:37:55]} dxe4 {[%clk 0:19:11]} 18. fxe4
{[%clk 0:38:18]} Kh7 {[%clk 0:18:51]} 19. h4 {[%clk 0:33:52]} Rg8
{[%clk 0:12:23]} 20. Qf3 {[%clk 0:23:29]} Rg6 {[%clk 0:09:27]} 21. Be1
{[%clk 0:15:18]} g4 {[%clk 0:04:50]} 22. Qf2 {[%clk 0:13:27]} h5 {[%clk 0:05:09]}
23. Nxh5 {[%clk 0:09:30]} Nxh5 {[%clk 0:05:38]} 24. Qxf7+ {[%clk 0:09:54]} Ng7
{[%clk 0:06:07]} 25. h5 {[%clk 0:08:31]} Re6 {[%clk 0:02:54]} 26. h6
{[%clk 0:08:56]} Rxh6 {[%clk 0:03:10]} 27. Bxc4 {[%clk 0:09:09]} Bxc4
{[%clk 0:02:32]} 28. Qxc4 {[%clk 0:09:37]} Rc8 {[%clk 0:01:06]} 29. Qd3
{[%clk 0:08:58]} Rh5 {[%clk 0:00:37]} 30. Qg3 {[%clk 0:07:46]} Qg5
{[%clk 0:01:05]} 31. Raf2 {[%clk 0:02:28]} Qh6 {[%clk 0:00:34]} 32. Rf7
{[%clk 0:02:57]} Kg8 {[%clk 0:00:38]} 33. R1f6 {[%clk 0:00:44]} Rh1+
{[%clk 0:00:57]} 34. Kf2 {[%clk 0:01:13]} Qc1 {[%clk 0:01:16]} 35. Ke2
{[%clk 0:01:05]} Qc2+ {[%clk 0:00:57]} 36. Bd2 {[%clk 0:01:18]} Qxe4+
{[%clk 0:01:02]} 37. Be3 {[%clk 0:01:48]} Rxc3 {[%clk 0:00:42]} 0-1

[Event "Ekstraliga 2019"]
[Site "Katowice"]
[Date "2019.08.28"]
[Round "1.12"]
[White "Socko, Monika"]
[Black "Kiolbasa, Oliwia"]
[Result "1/2-1/2"]
[BlackElo "2244"]
[WhiteElo "2436"]
[WhiteTeam "Wasko HETMAN GKS Katowice"]
[BlackTeam "KSz Miedz Legnica"]
[LiveChessVersion "1.4.8"]

1. e4 {[%clk 1:30:58]} e5 {[%clk 1:30:47]} 2. Nf3 {[%clk 1:31:23]} Nc6
{[%clk 1:31:07]} 3. d4 {[%clk 1:31:48]} exd4 {[%clk 1:31:13]} 4. Nxd4
{[%clk 1:32:13]} Bc5 {[%clk 1:29:02]} 5. Nb3 {[%clk 1:32:26]} Bb6
{[%clk 1:29:19]} 6. Nc3 {[%clk 1:32:17]} Nf6 {[%clk 1:28:46]} 7. Qe2
{[%clk 1:31:22]} a5 {[%clk 1:26:10]} 8. a4 {[%clk 1:16:09]} O-O {[%clk 1:00:36]}
9. Be3 {[%clk 1:13:18]} Bxe3 {[%clk 0:54:04]} 10. Qxe3 {[%clk 1:13:44]} Nb4
{[%clk 0:53:16]} 11. O-O-O {[%clk 1:08:29]} Re8 {[%clk 0:41:21]} 12. f3
{[%clk 1:05:37]} d5 {[%clk 0:40:12]} 13. g4 {[%clk 1:02:26]} c6 {[%clk 0:37:27]}
14. g5 {[%clk 0:50:34]} Nh5 {[%clk 0:37:44]} 15. f4 {[%clk 0:43:47]} Qc7
{[%clk 0:34:20]} 16. e5 {[%clk 0:43:23]} g6 {[%clk 0:34:37]} 17. Be2
{[%clk 0:41:44]} Ng7 {[%clk 0:35:00]} 18. h4 {[%clk 0:40:59]} Bf5
{[%clk 0:25:58]} 19. Rd2 {[%clk 0:37:25]} Ne6 {[%clk 0:24:33]} 20. Bd1
{[%clk 0:35:37]} Red8 {[%clk 0:21:55]} 21. h5 {[%clk 0:34:11]} b5
{[%clk 0:21:12]} 22. hxg6 {[%clk 0:32:27]} fxg6 {[%clk 0:20:19]} 23. Nd4
{[%clk 0:29:43]} Nxd4 {[%clk 0:15:14]} 24. Qxd4 {[%clk 0:30:09]} bxa4
{[%clk 0:13:26]} 25. Nxa4 {[%clk 0:29:05]} Rab8 {[%clk 0:13:32]} 26. Rdh2
{[%clk 0:17:50]} Rd7 {[%clk 0:07:18]} 27. Nc5 {[%clk 0:12:05]} Qb6
{[%clk 0:06:10]} 28. e6 {[%clk 0:08:30]} Re7 {[%clk 0:05:04]} 29. Qe5
{[%clk 0:07:58]} Rbe8 {[%clk 0:02:11]} 30. Rxh7 {[%clk 0:04:14]} Rxh7
{[%clk 0:02:37]} 31. Rxh7 {[%clk 0:04:36]} Kxh7 {[%clk 0:02:59]} 32. Nd7
{[%clk 0:04:57]} Rxe6 {[%clk 0:03:02]} 33. Nf8+ {[%clk 0:02:47]} Kg8
{[%clk 0:03:07]} 34. Nxe6 {[%clk 0:03:15]} Qa7 {[%clk 0:00:40]} 35. Qf6
{[%clk 0:02:48]} Qf7 {[%clk 0:00:41]} 36. Qd8+ {[%clk 0:01:38]} Kh7
{[%clk 0:01:04]} 37. Qxa5 {[%clk 0:01:05]} Nd3+ {[%clk 0:00:33]} 38. cxd3
{[%clk 0:01:27]} Bxe6 {[%clk 0:00:38]} 39. Qd2 {[%clk 0:01:28]} c5
{[%clk 0:00:36]} 40. d4 {[%clk 0:31:33]} c4 {[%clk 0:30:37]} 41. Qe3
{[%clk 0:31:34]} Bf5 {[%clk 0:27:37]} 42. Bc2 {[%clk 0:24:51]} Bxc2
{[%clk 0:23:41]} 43. Kxc2 {[%clk 0:25:17]} Qd7 {[%clk 0:23:13]} 44. Kc1
{[%clk 0:24:21]} Kg8 {[%clk 0:18:05]} 45. Qe5 {[%clk 0:24:00]} Kh7
{[%clk 0:17:56]} 46. Qf6 {[%clk 0:19:44]} Qe8 {[%clk 0:18:05]} 47. Qe5
{[%clk 0:19:27]} Qd7 {[%clk 0:18:29]} 48. Kb1 {[%clk 0:15:12]} Qg4
{[%clk 0:15:14]} 49. Qe1 {[%clk 0:10:54]} Qf3 {[%clk 0:11:32]} 50. Qd2
{[%clk 0:09:30]} Kg7 {[%clk 0:11:19]} 51. Ka1 {[%clk 0:06:57]} Kf7
{[%clk 0:10:41]} 52. Ka2 {[%clk 0:06:27]} Qb3+ {[%clk 0:10:57]} 1/2-1/2

[Event "Ekstraliga 2019"]
[Site "Katowice"]
[Date "2019.08.28"]
[Round "1.13"]
[White "Tomczak, Jacek"]
[Black "Harikrishna, Pentala"]
[Result "1/2-1/2"]
[BlackElo "2738"]
[WhiteElo "2628"]
[WhiteTeam "Akademia Szachowa Gliwice"]
[BlackTeam "VOTUM SA Polonia Wroclaw"]
[LiveChessVersion "1.4.8"]

1. e4 {[%clk 1:30:56]} c5 {[%clk 1:30:53]} 2. Nf3 {[%clk 1:31:16]} Nc6
{[%clk 1:31:18]} 3. d4 {[%clk 1:31:38]} cxd4 {[%clk 1:31:43]} 4. Nxd4
{[%clk 1:32:01]} Nf6 {[%clk 1:32:09]} 5. Nc3 {[%clk 1:32:18]} e5 {[%clk 1:32:34]}
6. Ndb5 {[%clk 1:31:48]} d6 {[%clk 1:32:57]} 7. a4 {[%clk 1:32:11]} a6
{[%clk 1:29:58]} 8. Na3 {[%clk 1:32:14]} Bg4 {[%clk 1:30:05]} 9. Be2
{[%clk 1:32:36]} Bxe2 {[%clk 1:29:11]} 10. Qxe2 {[%clk 1:32:56]} d5
{[%clk 1:28:17]} 11. Bg5 {[%clk 1:32:08]} dxe4 {[%clk 1:22:00]} 12. Nxe4
{[%clk 1:31:44]} Qa5+ {[%clk 1:16:53]} 13. c3 {[%clk 1:31:05]} Nxe4
{[%clk 1:16:07]} 14. Qxe4 {[%clk 1:31:23]} Qc7 {[%clk 1:15:15]} 15. Nc4
{[%clk 1:24:58]} Be7 {[%clk 1:14:00]} 16. Bxe7 {[%clk 1:06:46]} Qxe7
{[%clk 1:13:46]} 17. O-O {[%clk 1:07:05]} 1/2-1/2

[Event "Ekstraliga 2019"]
[Site "Katowice"]
[Date "2019.08.28"]
[Round "1.14"]
[White "Bartel, Mateusz"]
[Black "Czarnota, Pawel"]
[Result "1-0"]
[BlackElo "2532"]
[WhiteElo "2612"]
[WhiteTeam "VOTUM SA Polonia Wroclaw"]
[BlackTeam "Akademia Szachowa Gliwice"]
[LiveChessVersion "1.4.8"]

1. e4 c5 {[%clk 1:30:41]} 2. Nf3 {[%clk 1:31:18]} d6 {[%clk 1:30:56]} 3. d4
{[%clk 1:31:40]} cxd4 {[%clk 1:31:19]} 4. Nxd4 {[%clk 1:32:04]} Nf6
{[%clk 1:31:44]} 5. Nc3 {[%clk 1:32:26]} Nc6 {[%clk 1:32:06]} 6. Bg5
{[%clk 1:32:49]} e6 {[%clk 1:32:10]} 7. Qd3 {[%clk 1:33:09]} a6 {[%clk 1:29:14]}
8. Nxc6 {[%clk 1:33:32]} bxc6 {[%clk 1:29:36]} 9. O-O-O {[%clk 1:33:43]} Qa5
{[%clk 1:13:24]} 10. Qg3 {[%clk 1:32:57]} d5 {[%clk 1:01:32]} 11. Qf4
{[%clk 1:13:36]} Be7 {[%clk 0:48:01]} 12. e5 {[%clk 1:11:36]} Nd7
{[%clk 0:45:02]} 13. Bxe7 {[%clk 1:08:34]} Kxe7 {[%clk 0:45:28]} 14. Bd3
{[%clk 0:59:55]} Rb8 {[%clk 0:43:44]} 15. Rhe1 {[%clk 0:56:18]} h6
{[%clk 0:40:44]} 16. a3 {[%clk 0:54:36]} Nc5 {[%clk 0:26:17]} 17. Re3
{[%clk 0:51:51]} Bd7 {[%clk 0:23:26]} 18. Rf3 {[%clk 0:43:49]} Be8
{[%clk 0:20:42]} 19. Rg3 {[%clk 0:42:34]} Kf8 {[%clk 0:20:00]} 20. Qg4
{[%clk 0:41:56]} g5 {[%clk 0:16:21]} 21. h4 {[%clk 0:39:41]} Qb6 {[%clk 0:16:09]}
22. b4 {[%clk 0:37:27]} Nxd3+ {[%clk 0:15:50]} 23. Rdxd3 {[%clk 0:37:51]} c5
{[%clk 0:15:55]} 24. hxg5 {[%clk 0:28:16]} cxb4 {[%clk 0:16:14]} 25. axb4
{[%clk 0:28:32]} Qxb4 {[%clk 0:07:08]} 26. Rd4 {[%clk 0:27:38]} Qa3+
{[%clk 0:05:47]} 27. Kd2 {[%clk 0:27:54]} Qc5 {[%clk 0:04:08]} 28. gxh6
{[%clk 0:17:19]} Rxh6 {[%clk 0:04:17]} 29. Rf4 {[%clk 0:17:28]} Rh1
{[%clk 0:03:00]} 30. Qg8+ {[%clk 0:06:44]} Ke7 {[%clk 0:03:26]} 31. Rg7
{[%clk 0:07:09]} Kd8 {[%clk 0:01:57]} 32. Rgxf7 {[%clk 0:04:47]} d4
{[%clk 0:01:58]} 33. Ne4 {[%clk 0:05:12]} Qa5+ {[%clk 0:00:35]} 34. Ke2
{[%clk 0:05:30]} Qxe5 {[%clk 0:00:52]} 35. Qf8 {[%clk 0:04:18]} d3+
{[%clk 0:00:45]} 36. Ke3 {[%clk 0:03:24]} Rh8 {[%clk 0:00:44]} 37. Qe7+
{[%clk 0:03:38]} Kc8 {[%clk 0:01:13]} 38. Rf8 {[%clk 0:03:35]} dxc2 39. Qxe8+
{[%clk 0:02:10]} Kb7 {[%clk 0:01:30]} 40. R4f7+ {[%clk 0:31:39]} Kb6
{[%clk 0:30:38]} 41. Qxb8+ {[%clk 0:31:04]} 1-0

[Event "Ekstraliga 2019"]
[Site "Katowice"]
[Date "2019.08.28"]
[Round "1.15"]
[White "Olszewski, Michal"]
[Black "Mastrovasilis, Dimitrios"]
[Result "1-0"]
[BlackElo "2594"]
[WhiteElo "2522"]
[WhiteTeam "Akademia Szachowa Gliwice"]
[BlackTeam "VOTUM SA Polonia Wroclaw"]
[LiveChessVersion "1.4.8"]

1. e4 {[%clk 1:30:40]} e5 {[%clk 1:30:43]} 2. Nf3 {[%clk 1:31:05]} Nc6
{[%clk 1:30:56]} 3. Bb5 {[%clk 1:31:14]} Nf6 {[%clk 1:31:11]} 4. Qe2
{[%clk 1:28:29]} Bc5 {[%clk 1:31:02]} 5. c3 {[%clk 1:23:17]} O-O {[%clk 1:30:22]}
6. d3 {[%clk 1:16:31]} Re8 {[%clk 1:23:50]} 7. Bg5 {[%clk 1:14:18]} a6
{[%clk 1:17:52]} 8. Ba4 {[%clk 1:08:42]} h6 {[%clk 1:17:11]} 9. Bh4
{[%clk 1:08:58]} Be7 {[%clk 1:15:46]} 10. Nbd2 {[%clk 1:07:33]} Nh5
{[%clk 1:04:24]} 11. Bg3 {[%clk 0:55:40]} Bf6 {[%clk 1:01:25]} 12. Nf1
{[%clk 0:55:39]} d6 {[%clk 0:53:40]} 13. Ne3 {[%clk 0:54:46]} Bd7
{[%clk 0:42:34]} 14. Nd5 {[%clk 0:48:02]} Ne7 {[%clk 0:37:23]} 15. Nxf6+
{[%clk 0:35:12]} Nxf6 {[%clk 0:37:37]} 16. Bb3 {[%clk 0:34:43]} Be6
{[%clk 0:31:03]} 17. Bxe6 {[%clk 0:34:02]} fxe6 {[%clk 0:31:29]} 18. O-O
{[%clk 0:29:23]} Ng6 {[%clk 0:28:33]} 19. d4 {[%clk 0:24:54]} exd4
{[%clk 0:25:47]} 20. cxd4 {[%clk 0:22:25]} Qd7 {[%clk 0:22:02]} 21. Rac1
{[%clk 0:21:13]} Qf7 {[%clk 0:18:13]} 22. Nd2 {[%clk 0:09:38]} e5
{[%clk 0:11:16]} 23. d5 {[%clk 0:06:41]} Re7 {[%clk 0:08:24]} 24. Rc3
{[%clk 0:06:24]} Nf4 {[%clk 0:07:48]} 25. Bxf4 {[%clk 0:03:44]} exf4
{[%clk 0:08:15]} 26. Qc4 {[%clk 0:03:57]} Ng4 {[%clk 0:06:48]} 27. Qb3
{[%clk 0:03:09]} b6 {[%clk 0:05:07]} 28. Qc2 {[%clk 0:03:15]} Rd8
{[%clk 0:02:53]} 29. Nb3 {[%clk 0:01:07]} Rde8 {[%clk 0:01:07]} 30. h3
{[%clk 0:00:51]} Nf6 {[%clk 0:00:34]} 31. f3 {[%clk 0:01:14]} Nxd5
{[%clk 0:00:38]} 32. exd5 {[%clk 0:01:14]} Re2 {[%clk 0:01:07]} 33. Qd3
{[%clk 0:00:40]} R8e3 {[%clk 0:01:08]} 34. Qxa6 {[%clk 0:00:38]} Rxb2
{[%clk 0:00:34]} 35. Rxe3 {[%clk 0:00:42]} fxe3 {[%clk 0:01:02]} 36. Qc8+
{[%clk 0:00:36]} Kh7 {[%clk 0:01:30]} 37. Qe6 {[%clk 0:00:47]} Qh5
{[%clk 0:00:31]} 38. Qe4+ {[%clk 0:00:44]} Kh8 {[%clk 0:00:56]} 39. Qxe3
{[%clk 0:00:40]} Rxa2 {[%clk 0:00:52]} 40. Rd1 {[%clk 0:30:34]} Qg6
{[%clk 0:30:32]} 41. Rd2 {[%clk 0:28:35]} Ra3 {[%clk 0:27:49]} 42. Kh2
{[%clk 0:27:04]} 1-0

[Event "Ekstraliga 2019"]
[Site "Katowice"]
[Date "2019.08.28"]
[Round "1.16"]
[White "Tazbir, Marcin"]
[Black "Warakomski, Tomasz"]
[Result "1-0"]
[BlackElo "2497"]
[WhiteElo "2521"]
[WhiteTeam "VOTUM SA Polonia Wroclaw"]
[BlackTeam "Akademia Szachowa Gliwice"]
[LiveChessVersion "1.4.8"]

1. e4 {[%clk 1:30:57]} e5 {[%clk 1:26:53]} 2. Nf3 {[%clk 1:30:55]} Nc6
{[%clk 1:27:17]} 3. Bb5 {[%clk 1:31:21]} a6 {[%clk 1:27:26]} 4. Ba4
{[%clk 1:31:46]} Nf6 {[%clk 1:27:49]} 5. O-O {[%clk 1:32:11]} Be7
{[%clk 1:27:41]} 6. Re1 {[%clk 1:32:34]} b5 {[%clk 1:28:09]} 7. Bb3
{[%clk 1:32:59]} d6 {[%clk 1:28:33]} 8. c3 {[%clk 1:33:25]} O-O {[%clk 1:28:59]}
9. h3 {[%clk 1:33:52]} Nd7 {[%clk 1:27:38]} 10. d4 {[%clk 1:26:53]} Bf6
{[%clk 1:28:03]} 11. Be3 {[%clk 1:24:07]} Nb6 {[%clk 1:16:32]} 12. Qd3
{[%clk 1:13:59]} Bb7 {[%clk 0:51:18]} 13. Nbd2 {[%clk 1:13:41]} Re8
{[%clk 0:51:45]} 14. Rad1 {[%clk 1:09:29]} g6 {[%clk 0:34:19]} 15. Qb1
{[%clk 1:03:20]} Qe7 {[%clk 0:33:35]} 16. a3 {[%clk 1:01:07]} Nb8
{[%clk 0:29:38]} 17. dxe5 {[%clk 0:55:57]} dxe5 {[%clk 0:30:03]} 18. Bxb6
{[%clk 0:56:17]} cxb6 {[%clk 0:30:30]} 19. Nf1 {[%clk 0:56:34]} Nd7
{[%clk 0:29:48]} 20. Ne3 {[%clk 0:48:46]} Nc5 {[%clk 0:30:16]} 21. Nd5
{[%clk 0:43:46]} Bxd5 {[%clk 0:30:35]} 22. Bxd5 {[%clk 0:44:11]} Rac8
{[%clk 0:31:02]} 23. Qc1 {[%clk 0:37:36]} Rc7 {[%clk 0:24:59]} 24. Qe3
{[%clk 0:36:04]} Bg7 {[%clk 0:25:25]} 25. h4 {[%clk 0:32:51]} Qf8
{[%clk 0:24:30]} 26. g3 {[%clk 0:29:30]} Bh6 {[%clk 0:21:59]} 27. Qe2
{[%clk 0:29:11]} Kg7 {[%clk 0:22:17]} 28. Ba2 {[%clk 0:22:50]} Rd7
{[%clk 0:18:28]} 29. c4 {[%clk 0:14:26]} bxc4 {[%clk 0:10:59]} 30. Rxd7
{[%clk 0:14:51]} Nxd7 {[%clk 0:11:26]} 31. Qxc4 {[%clk 0:15:16]} b5
{[%clk 0:10:01]} 32. Qc6 {[%clk 0:14:25]} Nb8 {[%clk 0:07:33]} 33. Qb6
{[%clk 0:13:05]} Qe7 {[%clk 0:07:19]} 34. Rd1 {[%clk 0:09:48]} Rc8
{[%clk 0:06:23]} 35. Kg2 {[%clk 0:04:21]} f6 {[%clk 0:05:13]} 36. Rd3
{[%clk 0:02:38]} Bc1 {[%clk 0:02:28]} 37. b4 {[%clk 0:02:43]} Bb2
{[%clk 0:01:32]} 38. Bd5 {[%clk 0:01:34]} h5 {[%clk 0:00:47]} 39. Qe3
{[%clk 0:01:08]} Bc1 {[%clk 0:00:53]} 40. Qb6 {[%clk 0:31:14]} Bb2
{[%clk 0:30:51]} 41. Ba2 {[%clk 0:30:17]} Qc7 {[%clk 0:17:50]} 42. Qe6
{[%clk 0:28:34]} Rf8 {[%clk 0:18:17]} 43. Rd2 {[%clk 0:25:25]} Ba1
{[%clk 0:14:27]} 44. Rc2 {[%clk 0:25:01]} Qd8 {[%clk 0:14:53]} 45. Rd2
{[%clk 0:22:27]} Qc7 {[%clk 0:14:50]} 46. Rd6 {[%clk 0:20:36]} Bb2
{[%clk 0:14:13]} 47. Bd5 {[%clk 0:20:41]} Kh6 {[%clk 0:03:41]} 48. g4
{[%clk 0:16:35]} hxg4 {[%clk 0:04:06]} 49. Nh2 {[%clk 0:17:00]} Qc8
{[%clk 0:04:32]} 50. Nxg4+ {[%clk 0:16:37]} Kh5 {[%clk 0:04:41]} 51. Nxf6+
{[%clk 0:15:03]} Kxh4 {[%clk 0:04:41]} 52. Rd7 {[%clk 0:13:49]} 1-0

[Event "Ekstraliga 2019"]
[Site "Katowice"]
[Date "2019.08.28"]
[Round "1.17"]
[White "Kantans, Toms"]
[Black "Sadzikowski, Daniel"]
[Result "1/2-1/2"]
[BlackElo "2502"]
[WhiteElo "2490"]
[WhiteTeam "Akademia Szachowa Gliwice"]
[BlackTeam "VOTUM SA Polonia Wroclaw"]
[LiveChessVersion "1.4.8"]

1. e4 c5 {[%clk 1:30:51]} 2. Nf3 {[%clk 1:31:16]} d6 {[%clk 1:31:16]} 3. Bb5+
{[%clk 1:31:11]} Nd7 {[%clk 1:31:41]} 4. O-O {[%clk 1:31:29]} a6 {[%clk 1:32:03]}
5. Bd3 {[%clk 1:31:54]} Ngf6 {[%clk 1:29:20]} 6. Re1 {[%clk 1:31:49]} g6
{[%clk 1:28:13]} 7. c3 {[%clk 1:30:23]} Bh6 {[%clk 1:28:24]} 8. a4
{[%clk 1:13:24]} Ne5 {[%clk 1:14:16]} 9. Nxe5 {[%clk 1:10:22]} dxe5
{[%clk 1:14:43]} 10. Bc4 {[%clk 1:10:41]} O-O {[%clk 1:09:36]} 11. Na3
{[%clk 1:05:00]} Qb6 {[%clk 1:02:45]} 12. d3 {[%clk 0:58:25]} Bg4
{[%clk 0:58:59]} 13. Qc2 {[%clk 0:56:25]} Bxc1 {[%clk 0:59:19]} 14. Qxc1
{[%clk 0:56:50]} Rad8 {[%clk 0:56:26]} 15. Qg5 {[%clk 0:50:26]} Be6
{[%clk 0:52:41]} 16. Qxe5 {[%clk 0:24:57]} Nd7 {[%clk 0:49:41]} 17. Qg5
{[%clk 0:25:21]} Qxb2 {[%clk 0:49:12]} 18. Rec1 {[%clk 0:23:15]} Bxc4
{[%clk 0:36:10]} 19. Nxc4 {[%clk 0:23:05]} Qe2 {[%clk 0:36:35]} 20. Rd1
{[%clk 0:22:10]} Qc2 {[%clk 0:35:52]} 21. Rac1 {[%clk 0:13:24]} Qxa4
{[%clk 0:35:33]} 22. Qxe7 {[%clk 0:13:32]} Rde8 {[%clk 0:20:51]} 23. Qh4
{[%clk 0:12:48]} b5 {[%clk 0:18:35]} 24. Ne3 {[%clk 0:12:32]} b4 {[%clk 0:16:28]}
25. Ra1 {[%clk 0:08:54]} Qc6 {[%clk 0:14:49]} 26. Nd5 {[%clk 0:08:30]} Qd6
{[%clk 0:15:14]} 27. cxb4 {[%clk 0:07:57]} cxb4 {[%clk 0:15:38]} 28. Rdb1
{[%clk 0:07:23]} Rb8 {[%clk 0:12:21]} 29. d4 {[%clk 0:07:34]} b3 {[%clk 0:08:30]}
30. Qe7 {[%clk 0:06:38]} Qxe7 {[%clk 0:08:22]} 31. Nxe7+ {[%clk 0:07:06]} Kg7
{[%clk 0:08:07]} 32. f3 {[%clk 0:05:54]} Rb7 {[%clk 0:04:39]} 33. Nc6
{[%clk 0:01:32]} b2 {[%clk 0:02:22]} 34. Rxa6 {[%clk 0:01:14]} Nb8
{[%clk 0:01:30]} 35. Ra7 {[%clk 0:00:47]} Rb6 {[%clk 0:01:43]} 36. Ne7
{[%clk 0:00:36]} Rd8 {[%clk 0:01:04]} 37. Ra2 {[%clk 0:00:35]} Nc6
{[%clk 0:00:32]} 38. Nd5 {[%clk 0:00:40]} Rb3 {[%clk 0:00:42]} 39. Rbxb2
{[%clk 0:00:50]} Rxb2 {[%clk 0:01:03]} 40. Rxb2 {[%clk 0:31:19]} Nxd4
{[%clk 0:31:26]} 41. Kf2 {[%clk 0:27:26]} h5 {[%clk 0:31:49]} 42. h4
{[%clk 0:24:01]} Ne6 {[%clk 0:32:03]} 43. Ne3 {[%clk 0:19:45]} Nf4
{[%clk 0:31:15]} 44. Ra2 {[%clk 0:19:36]} Rc8 {[%clk 0:31:25]} 45. Kg3
{[%clk 0:18:47]} Ne6 {[%clk 0:31:41]} 46. Nd5 {[%clk 0:17:58]} Rb8
{[%clk 0:31:57]} 47. Ra7 {[%clk 0:16:11]} Rb3 {[%clk 0:30:34]} 48. Ne7
{[%clk 0:14:57]} Rc3 {[%clk 0:28:41]} 49. Ra8 {[%clk 0:14:49]} Rc7
{[%clk 0:27:31]} 50. Nd5 {[%clk 0:12:05]} Rb7 {[%clk 0:27:50]} 51. Rc8
{[%clk 0:11:00]} Rb3 {[%clk 0:23:50]} 52. Kh2 {[%clk 0:10:07]} Rd3
{[%clk 0:22:16]} 53. Ra8 {[%clk 0:09:42]} Rd2 {[%clk 0:20:45]} 54. Ra5
{[%clk 0:07:30]} Rc2 {[%clk 0:18:26]} 55. Kg3 {[%clk 0:06:20]} Nd4
{[%clk 0:17:26]} 56. Ra3 {[%clk 0:04:37]} Ne2+ {[%clk 0:16:06]} 57. Kh3
{[%clk 0:04:22]} Nd4 {[%clk 0:13:55]} 58. Rd3 {[%clk 0:04:09]} Ne6
{[%clk 0:13:55]} 59. Kg3 {[%clk 0:04:28]} Re2 {[%clk 0:13:59]} 60. Ne3
{[%clk 0:04:38]} Ra2 {[%clk 0:13:32]} 61. Nc4 {[%clk 0:05:06]} Rxg2+
{[%clk 0:13:15]} 62. Kxg2 {[%clk 0:05:25]} Nf4+ {[%clk 0:13:41]} 63. Kf2
{[%clk 0:05:39]} Nxd3+ {[%clk 0:14:06]} 64. Ke3 {[%clk 0:05:20]} Nc5
{[%clk 0:12:41]} 65. f4 {[%clk 0:04:47]} Kf6 {[%clk 0:12:19]} 66. Kd4
{[%clk 0:04:45]} Ne6+ {[%clk 0:12:44]} 67. Ke3 {[%clk 0:05:12]} Nc5
{[%clk 0:12:32]} 68. Nd2 {[%clk 0:03:55]} Ke7 {[%clk 0:12:05]} 69. Nf3
{[%clk 0:04:09]} Ne6 {[%clk 0:11:57]} 70. Nd2 {[%clk 0:02:49]} Nc7
{[%clk 0:11:55]} 71. Nf1 {[%clk 0:03:14]} Ke6 {[%clk 0:10:16]} 72. Ng3
{[%clk 0:03:18]} Nb5 {[%clk 0:10:28]} 73. Ne2 {[%clk 0:02:30]} Nd6
{[%clk 0:09:37]} 74. Nd4+ {[%clk 0:02:51]} Ke7 {[%clk 0:09:39]} 75. e5
{[%clk 0:03:02]} Nf5+ {[%clk 0:06:56]} 76. Nxf5+ {[%clk 0:03:27]} gxf5
{[%clk 0:07:25]} 77. Kd3 {[%clk 0:01:50]} Kd7 {[%clk 0:07:43]} 78. Kc4
{[%clk 0:02:05]} Kc8 {[%clk 0:08:02]} 79. Kd5 {[%clk 0:01:56]} Kd7
{[%clk 0:08:27]} 80. Kc5 {[%clk 0:02:23]} Kc7 {[%clk 0:08:49]} 81. Kd5
{[%clk 0:02:45]} Kd7 {[%clk 0:09:14]} 82. Ke4 1/2-1/2

[Event "Ekstraliga 2019"]
[Site "Katowice"]
[Date "2019.08.28"]
[Round "1.18"]
[White "Zawadzka, Jolanta"]
[Black "Warakomska, Anna"]
[Result "1/2-1/2"]
[BlackElo "2241"]
[WhiteElo "2407"]
[WhiteTeam "VOTUM SA Polonia Wroclaw"]
[BlackTeam "Akademia Szachowa Gliwice"]
[LiveChessVersion "1.4.8"]

1. e4 {[%clk 1:30:56]} e5 {[%clk 1:30:37]} 2. Nf3 {[%clk 1:31:11]} Nc6
{[%clk 1:31:02]} 3. Bb5 {[%clk 1:31:31]} Nf6 {[%clk 1:31:10]} 4. Qe2
{[%clk 1:28:08]} a6 {[%clk 1:24:38]} 5. Ba4 {[%clk 1:28:28]} Be7 {[%clk 1:21:58]}
6. O-O {[%clk 1:28:31]} b5 {[%clk 1:21:50]} 7. Bb3 {[%clk 1:28:55]} O-O
{[%clk 1:20:40]} 8. c3 {[%clk 1:29:06]} d6 {[%clk 1:18:17]} 9. Rd1
{[%clk 1:29:23]} Na5 {[%clk 1:17:13]} 10. Bc2 {[%clk 1:29:38]} c5
{[%clk 1:17:39]} 11. d4 {[%clk 1:29:41]} Qc7 {[%clk 1:17:34]} 12. d5
{[%clk 1:29:03]} c4 {[%clk 1:17:00]} 13. b4 {[%clk 1:23:14]} cxb3
{[%clk 1:12:14]} 14. axb3 {[%clk 1:23:14]} Re8 {[%clk 1:05:55]} 15. Bd2
{[%clk 1:18:44]} Bd7 {[%clk 1:03:09]} 16. Rc1 {[%clk 1:13:44]} Rec8
{[%clk 0:54:48]} 17. h3 {[%clk 0:59:07]} Bd8 {[%clk 0:47:55]} 18. c4
{[%clk 0:48:55]} Nb7 {[%clk 0:47:03]} 19. Na3 {[%clk 0:49:10]} bxc4
{[%clk 0:42:27]} 20. Nxc4 {[%clk 0:47:57]} a5 {[%clk 0:35:34]} 21. Bd3
{[%clk 0:32:47]} Qb8 {[%clk 0:33:52]} 22. Rcb1 {[%clk 0:31:09]} Be8
{[%clk 0:23:55]} 23. Qe1 {[%clk 0:25:16]} Qc7 {[%clk 0:19:49]} 24. Bf1
{[%clk 0:20:16]} Nd7 {[%clk 0:17:54]} 25. Ra3 {[%clk 0:16:27]} Ndc5
{[%clk 0:15:00]} 26. Be3 {[%clk 0:13:02]} Bb5 {[%clk 0:12:32]} 27. Nfd2
{[%clk 0:12:20]} Qd7 {[%clk 0:10:11]} 28. f3 {[%clk 0:08:07]} Na6
{[%clk 0:07:22]} 29. Rc1 {[%clk 0:05:50]} Nb4 {[%clk 0:06:05]} 30. Raa1
{[%clk 0:05:39]} f6 {[%clk 0:04:03]} 31. Na3 {[%clk 0:04:37]} Nd3
{[%clk 0:02:54]} 32. Bxd3 {[%clk 0:03:38]} Bxd3 {[%clk 0:03:21]} 33. Ndc4
{[%clk 0:03:44]} Nc5 {[%clk 0:03:13]} 34. Qd1 {[%clk 0:02:38]} Bxc4
{[%clk 0:02:04]} 35. Nxc4 {[%clk 0:02:49]} Rab8 {[%clk 0:02:09]} 36. Ra3
{[%clk 0:01:51]} Rb5 {[%clk 0:01:43]} 37. Kh2 {[%clk 0:01:58]} Rcb8
{[%clk 0:01:45]} 38. Bxc5 {[%clk 0:02:11]} Rxc5 {[%clk 0:02:07]} 39. Rca1
{[%clk 0:02:14]} Rcb5 {[%clk 0:01:13]} 40. Qc2 {[%clk 0:31:48]} Rc8
{[%clk 0:30:34]} 41. Qd3 {[%clk 0:27:54]} Rcb8 {[%clk 0:27:18]} 42. Rc1
{[%clk 0:25:34]} Rc5 {[%clk 0:18:13]} 43. Rc2 {[%clk 0:21:01]} Bc7
{[%clk 0:12:37]} 44. Rca2 {[%clk 0:13:15]} Rcb5 {[%clk 0:10:42]} 45. Qe3
{[%clk 0:12:10]} f5 {[%clk 0:06:17]} 46. Nxa5 {[%clk 0:07:30]} Bxa5
{[%clk 0:03:58]} 47. Rxa5 {[%clk 0:07:55]} Rxb3 {[%clk 0:04:04]} 48. Ra7
{[%clk 0:06:22]} Qd8 {[%clk 0:03:35]} 49. Qf2 {[%clk 0:05:01]} f4
{[%clk 0:02:23]} 50. Rc2 {[%clk 0:03:30]} R3b7 {[%clk 0:01:17]} 51. Rxb7
{[%clk 0:03:38]} Rxb7 {[%clk 0:01:44]} 52. Rc6 {[%clk 0:03:48]} h5
{[%clk 0:01:25]} 53. Qc2 {[%clk 0:02:02]} Qh4 {[%clk 0:00:52]} 54. Rxd6
{[%clk 0:01:21]} Qg3+ {[%clk 0:01:05]} 55. Kh1 {[%clk 0:01:33]} Qe1+
{[%clk 0:01:29]} 56. Kh2 {[%clk 0:02:00]} Qg3+ {[%clk 0:01:28]} 57. Kh1
{[%clk 0:02:26]} Qe1+ {[%clk 0:01:29]} 1/2-1/2